000 00644nam a22001937a 4500
003 NUST
038 _aM Shaban
082 _aBEE-4 AHM
100 _aAbdullah Ahmed
_992107
245 _aEpiWear: A wearable for accurate and timely detection of epileptic seizures
260 _aIslamabad
_bNUST-SEECS
_c2016
300 _a110p.
_b27cm.
_eCD ROM Include
500 _aSupervisors: Dr. Hammad Cheema, Dr. Awais Kamboh, Dr. Faisal Shafait
700 _aWaqas Ahmed
_913741
700 _aMuhammad Jazib Khan
_992108
700 _aShoaib Ahmed Siddiqui
_992109
856 _u http://10.250.8.41:8080/xmlui/handle/123456789/10692
942 _cPR
_2ddc
999 _c13623
_d13623